MARC

LEADER 00000nam0a2200000 4500
001 322791
005 20250416112822.0
035 |a (RuTPU)RU\TPU\book\348349 
090 |a 322791 
100 |a 20161004d1975 k y0rusy50 ca 
101 0 |a rus 
102 |a RU 
105 |a a z 001zy 
200 1 |a Методы геокриологических исследований  |f Всесоюзный научно-исследовательский институт гидрогеологии и инженерной геологии (ВСЕГИНГЕО) ; под ред. П. Ф. Швецова, Л. В. Чистотинова 
210 |a Москва  |c Изд-во ВСЕГИНГЕО  |d 1975 
215 |a 103 с.  |c ил. 
225 1 |a Труды Всесоюзного научно-исследовательского института гидрогеологии и инженерной геологии (ВСЕГИНГЕО)  |v Вып. 98 
320 |a Библиография в конце статей 
500 1 0 |a Труды Всесоюзного научно-исследовательского института гидрогеологии и инженерной геологии  |9 88877 
606 1 |a Геокриология  |2 stltpush  |3 (RuTPU)RU\TPU\subj\6034  |9 33999 
610 1 |a геокриологическая изученность 
610 1 |a геокриологические исследования 
610 1 |a мерзлые породы 
610 1 |a физико-геологические процессы 
610 1 |a Западная Сибирь 
610 1 |a инженерно-геодезические изыскания 
610 1 |a строительство 
610 1 |a инженерные сооружения 
610 1 |a многолетнемерзлые породы 
675 |a 551.345  |v 4 
702 1 |a Швецов  |b П. Ф.  |4 340 
702 1 |a Чистотинов  |b Л. В.  |4 340 
712 0 2 |a Всесоюзный научно-исследовательский институт гидрогеологии и инженерной геологии (ВСЕГИНГЕО)  |c (пос. Зеленый, Московская область)  |3 (RuTPU)RU\TPU\col\2061 
801 1 |a RU  |b 63413507  |c 20161004 
801 2 |a RU  |b 63413507  |c 20161019  |g RCR 
850 |a 63413507 
942 |c BK